000 00353nam a22001217a 4500
008 230511b |||||||| |||| 00| 0 eng d
022 _a0972-060X
040 _aNational Science Library
_cNational Science Library
245 _aJournal of essential oil-bearing plants
260 _aDehra Dun:
_bH.K.L Bhalla,
_c1998
310 _aBi-monthly
942 _cCR
999 _c29067
_d29067